000 00339nam a2200133Ia 4500
005 20260328101452.0
008 260328s9999||||xx |||||||||||||| ||und||
100 _aWaisman, Marina
245 0 _aLa Estructura Histórica del entorno /
_cMarina Waisman
260 _bNueva Visión
300 _a286 p.
650 _aARQUITECTURA
942 _cBK
999 _c8718
_d8718